000 00744nam a22001577a 4500
008 100415t1958 xxu||||| |||| 00| 0 ARA d
082 _221
_a174.9
_bب ا ر
100 _913577
_aبارودى
245 _aالمشكلة الأخلاقية و الفكر المعاصر /
_cبارودى, نقله إلى العربية محمد غلاب.
250 _aط 2.
_bمزيدة ومنقحة
260 _a[القاهرة]:
_bمكتبة الأنجلو المصرية ,
_c[1959].
300 _a350 ص؛
_c20 سم
650 _913581
_aالأخلاق - فلسفة
942 _2ddc
_cBB
999 _c13898
_d13898